|
|
|
|
| LEADER |
01603nam a2200445 a 4500 |
| 001 |
EBC1099497 |
| 003 |
MiAaPQ |
| 005 |
20200520144314.0 |
| 006 |
m o d | |
| 007 |
cr cn||||||||| |
| 008 |
030317s2003 enka sb 001 0 eng d |
| 010 |
|
|
|z 2003046535
|
| 020 |
|
|
|z 0415320054
|
| 020 |
|
|
|z 9780415320054
|
| 020 |
|
|
|a 9780203929940 (electronic bk.)
|
| 035 |
|
|
|a (MiAaPQ)EBC1099497
|
| 035 |
|
|
|a (Au-PeEL)EBL1099497
|
| 035 |
|
|
|a (CaPaEBR)ebr10636250
|
| 035 |
|
|
|a (CaONFJC)MIL420062
|
| 035 |
|
|
|a (OCoLC)823389580
|
| 040 |
|
|
|a MiAaPQ
|c MiAaPQ
|d MiAaPQ
|
| 050 |
|
4 |
|a HB74.P8
|b C64 2003
|
| 082 |
0 |
4 |
|a 330/.01/9
|2 21
|
| 245 |
0 |
0 |
|a Cognitive processes and economic behaviour
|h [electronic resource] /
|c edited by Nicola Dimitri, Marcello Basili, and Itzhak Gilboa.
|
| 260 |
|
|
|a London ;
|a New York :
|b Routledge,
|c 2003.
|
| 300 |
|
|
|a xviii, 245 p. :
|b ill.
|
| 440 |
|
0 |
|a Routledge Siena studies in political economy
|
| 504 |
|
|
|a Includes bibliographical references and index.
|
| 533 |
|
|
|a Electronic reproduction. Ann Arbor, MI : ProQuest, 2015. Available via World Wide Web. Access may be limited to ProQuest affiliated libraries.
|
| 650 |
|
0 |
|a Economics
|x Psychological aspects.
|
| 650 |
|
0 |
|a Economic man.
|
| 650 |
|
0 |
|a Cognition.
|
| 650 |
|
0 |
|a Emotions and cognition.
|
| 650 |
|
0 |
|a Decision making.
|
| 655 |
|
4 |
|a Electronic books.
|
| 700 |
1 |
|
|a Dimitri, Nicola.
|
| 700 |
1 |
|
|a Basili, Marcello,
|d 1959-
|
| 700 |
1 |
|
|a Gilboa, Itzhak.
|
| 710 |
2 |
|
|a ProQuest (Firm)
|
| 856 |
4 |
0 |
|u https://ebookcentral.proquest.com/lib/matrademy/detail.action?docID=1099497
|z Click to View
|